[Event "EU-Cup 18th"]
[Site "Kallithea"]
[Date "2002.09.22"]
[Round "1.1"]
[White "Stefansson, Hannes"]
[Black "Filippov, Valerij"]
[Result "0-1"]
[WhiteElo "2588"]
[BlackElo "2615"]
[Annotator "Rogozenco,D"]
[PlyCount "74"]
[EventDate "2002.09.22"]
[EventType "team-swiss"]
[EventRounds "7"]
[EventCountry "GRE"]
[SourceTitle "CBM 092"]
[Source "ChessBase"]
[SourceDate "2003.02.06"]
[SourceVersion "1"]
[SourceVersionDate "2003.02.06"]
[SourceQuality "1"]
[WhiteTeam "Reykjavik Hellir"]
[BlackTeam "Tomsk 400"]
[WhiteTeamCountry "ISL"]
[BlackTeamCountry "RUS"]

1. e4 {Cifuentes,R} c5 2. Nf3 Nc6 3. d4 cxd4 4. Nxd4 Nf6 5. Nc3 e5 6. Ndb5 d6
7. Bg5 a6 8. Na3 b5 9. Nd5 Be7 10. Bxf6 Bxf6 11. c3 O-O 12. Nc2 Bg5 13. a4 bxa4
14. Rxa4 a5 15. Bc4 Rb8 {Valerij Vilippov has an impressive score with Black
in this line.} 16. b3 Kh8 17. O-O f5 18. exf5 Bxf5 19. Nce3 (19. Qe2 $6 {
Cifuentes,R} Qd7 20. Nce3 Be6 21. Rd1 Bd8 22. Ra2 Qf7 23. Qd3 Qh5 24. Nf1 e4 $5
$13 {Geller-Sveshnikov, USSR 1978}) 19... Bg6 20. Be2 {[%cal Ge2f3]} (20. Bd3 {
Cifuentes,R} Bxd3 21. Qxd3 Bxe3 22. fxe3 Rxf1+ 23. Qxf1 Rxb3 24. Rc4 Rb5 $1 25.
e4 Rc5 $11 26. Rxc5 dxc5 27. Qa6 Qe8 28. Nc7 Qd7 29. Qa8+ Nd8 30. Nd5 h6 31.
Qxa5 Qd6 32. Qb6 Nf7 33. h4 Qxb6 34. Nxb6 Nd6 35. Nd7 c4 36. Nxe5 Nxe4 {
1/2-1/2 Sokolov,A-Gurgenidze,B/Riga 1985/URS-ch (36)}) (20. Qe2 {Cifuentes,R}
e4 $1 21. Bb5 (21. Rfa1 {Cifuentes,R} Qc8 22. Qg4 Qxg4 23. Nxg4 Bd8 $13) 21...
Ne5 22. Rfa1 Bxe3 23. Nxe3 Bh5 24. Qf1 $6 (24. Qxh5 $1 {Cifuentes,R} Rxb5 25.
Qd1 Nd3 $1 26. Rxe4 Nxf2 27. Qe2 Nxe4 28. Qxb5 Nxc3 29. Qc4 d5 30. Qxc3 d4 31.
Qd3 dxe3 32. Qxe3 $11) 24... Nf3+ 25. gxf3 Qg5+ 26. Qg2 Qxb5 27. Rxa5 Qe8 28.
Ra7 $1 Bg6 29. fxe4 Rxb3 30. Nf5 Qe5 31. Qg3 $11 Rxc3 32. Qxe5 {1/2-1/2 Jelmer,
J-Cifuentes Parada,R/Hoogeveen open 1999 (32)}) (20. f3 {Cifuentes,R} Bxe3+ (
20... Bf7 {Cifuentes,R} 21. Kh1 Bxe3 22. Nxe3 Bxc4 23. Nxc4 d5 24. Nd2 Qb6 $11)
21. Nxe3 Qb6 22. Qd2 (22. Qe2 {Cifuentes,R} Bf7 23. Kh1 Bxc4 24. Rxc4 Ne7 25.
Qd3 Qxb3 26. Rh4 h6 27. Qxd6 Qxc3 28. Re4) 22... Bf7 23. Kh1 Bxc4 24. Rxc4 Ne7
$11 {Yakovich}) 20... Bf7 {White would like to increase pressure in the center
with moves like Nc4 and Bf3. Black can allow the both, but also he can use the
drawback of each of them by reacting very concrete.} 21. Bf3 (21. Nc4 e4 $132 {
stops Bf3.}) 21... Bxe3 {Forcing White to take back with the pawn. But Black
can also allow Nc4, when by transposition we reach following game:} (21... Bg8
22. Nc4 (22. Be4 $5) 22... Rb5 23. Be4 Ne7 $1 $11 24. Nxe7 Bxe7 25. Bc2 Rc5 26.
Re1 e4 $5 $132 {[%cal Gd6d5] Rodriguez-San Segundo, Espana 1999.}) 22. fxe3 Bg8
(22... Ne7 23. Be4 Bxd5 24. Rxf8+ Qxf8 25. Bxd5 Qd8 26. Qd3 Qb6 27. Bf7 g6 28.
h3 Nf5 29. Re4 Rf8 30. Be6 Ng3 $13 {1/2-1/2 Kindermann,S-Birnboim,N/Munich
1987 (49)}) 23. Re1 $6 {A rather strange move.} (23. c4 {The knight on d5 is
in fact pinned and this logical move solves that problem.} Bxd5 $140 (23... Nb4
{Cifuentes,R} 24. Nxb4 Rxb4 25. Rxb4 axb4 26. Qd2 Qb6 27. Rd1 h6 28. Be4 Bh7
29. Bxh7 Kxh7 30. Qd3+ g6 $11) (23... h6 {Cifuentes,R}) 24. Qxd5) (23. Be4 {
Cifuentes,R} Rxf1+ 24. Kxf1 Qg5 $1 25. g3 $8 Rf8+ 26. Kg2 Bxd5 27. Bxd5 (27.
Qxd5 $2 {Cifuentes,R} Qxe3 $1 28. Qxc6 Rf2+ 29. Kh3 Qh6+ 30. Kg4 Qe6+ $19)
27... Ne7 $11) 23... Ne7 $1 24. c4 (24. Nxe7 $2 Bxb3 $19) 24... Nf5 $1 25. Ra2
$6 {After this innacuracy Black is better.} (25. Qd3 $5 {[%cal Ge1a1]} Bxd5 26.
Bxd5 Qb6 27. Be4 g6 28. Ra3 $11 {/=/+.}) 25... Qh4 $1 {[%csl Re1][%cal Gb8b3]
Unexpected move. Square h4 seemd to be for the knight, but in this moment the
queen is very active there. Suddenly White is faced with concrete threats,
which are far from easy to parry.} (25... Nh4 {brings nothing:} 26. Be4) 26.
Rae2 $2 (26. Ree2 e4 27. g3 Qg5 28. Bxe4 Bxd5 29. Bxd5 Nxe3 $36) (26. Qb1 $2
Rxb3 27. Qxb3 Qxe1#) (26. Rxa5 Bxd5 27. Rxd5 e4 28. g3 Nxg3 29. hxg3 Qxg3+ 30.
Bg2 Rf2 $19) (26. g3 {The only move which keeps the balance. It is difficult
to take such a decision of weakening the kingside, all the more than Black can
choose between two different kind of continuations, a sharp one and a quiet
one, in both cases having the initiative:} Nxg3 $5 (26... Qh6 $13) 27. hxg3
Qxg3+ 28. Bg2 Rxb3 $1 $13) 26... a4 $1 $17 27. bxa4 Qxc4 {[%cal Ge5e4,Gf5h4]}
28. Rd2 Nh4 29. e4 (29. Rf1 Rf7 $5 (29... Nxf3+ 30. Rxf3 Qc5 $36) 30. Be2 (30.
a5 Ra7 $5 $17) 30... Rxf1+ 31. Bxf1 Qe4 $17 {[%cal Gb8b1]}) 29... Bxd5 (29...
Rb3 $1 30. Re3 (30. Ne3 Qc5 $17) 30... Rxe3 31. Nxe3 Qc5 32. Kf2 d5 $1 33. exd5
e4 $19) 30. Rxd5 Rb2 31. Rb5 $1 Ra2 (31... Rxb5 32. axb5 Nxf3+ 33. gxf3 Rf6 34.
Qd5) 32. Qxd6 Qf7 33. Rf1 $2 ({White missed a good chance to save the game,
based on Black's weak backrank:} 33. Kh1 $3 {setting a nice trap:} Rf2 $1 (
33... Nxf3 34. Rb8 {and Black is forced to trade queens, leading to drawish
endgame.}) 34. Rb7 $1 Qf4 35. Qd7 {and amazingly enough, White holds:} Qh6 (
35... Rg8 36. Qh3 Nxf3 37. gxf3 Rxf3 38. Qf5 $11) 36. Qh3 Qa6 37. Kg1 Nxf3+ 38.
gxf3 Qxb7 39. Kxf2 $11) 33... Nxf3+ 34. gxf3 Qf4 {All over now.} 35. Rf2 Rxf2
36. Kxf2 Qxf3+ 37. Ke1 Qe3+ (37... Qe3+ 38. Kd1 Rf1+ 39. Kc2 Rc1+ 40. Kb2 Qc3+
41. Ka2 Ra1#) 0-1

[Event "POL-ch 59th"]
[Site "Warsaw"]
[Date "2002.04.29"]
[Round "1"]
[White "Blehm, Pawel"]
[Black "Cyborowski, Lukasz"]
[Result "1/2-1/2"]
[WhiteElo "2547"]
[BlackElo "2510"]
[Annotator "Rogozenco,D"]
[PlyCount "92"]
[EventDate "2002.04.29"]
[EventType "tourn"]
[EventRounds "13"]
[EventCountry "POL"]
[EventCategory "10"]
[SourceTitle "CBM 089"]
[Source "ChessBase"]
[SourceDate "2002.08.12"]
[SourceVersion "1"]
[SourceVersionDate "2002.08.12"]
[SourceQuality "1"]

1. e4 c5 2. Nf3 Nc6 3. d4 cxd4 4. Nxd4 Nf6 5. Nc3 e5 6. Ndb5 d6 7. Bg5 a6 8.
Na3 b5 9. Nd5 Be7 10. Bxf6 Bxf6 11. c3 Bg5 12. Nc2 O-O 13. h4 Bh6 14. g4 {
An aggressive plan, successfuly used lately by the young Andrei Volokitin.} Bf4
15. Qf3 Be6 16. Bd3 Rb8 (16... Re8 17. g5 (17. Nce3 $6 Bxe3 18. Nxe3 b4 19. Kf1
bxc3 20. bxc3 Qa5 $15 {1/2-1/2 Menendez Solar,J-Olaso,R/ESP 1990 (37)}) (17.
Nxf4 $6 exf4 18. Qxf4 Ne5 19. Be2 Bxg4 $15) 17... Bxd5 (17... Rb8 {- 16. ...
Rb8}) 18. exd5 e4 {A logical follow up of 16. ... Re8, but White looks better
after complications:} (18... Ne7 $13) 19. Qxf4 (19. Bxe4 Ne5 $44) 19... exd3+
20. Ne3 Ne5 21. O-O-O a5 (21... Qb6 22. Qd4 Qxd4 23. cxd4 Ng6 24. Rxd3 $14) 22.
Qd4 $1 b4 23. f4 d2+ 24. Qxd2 bxc3 25. bxc3 Nd7 26. Qd4 $16 {1-0 Volokitin,
A-Jelen,I/Ljubljana 2002 (39)}) 17. g5 Re8 {The right decision - Black
sacrifices a pawn for the initiative. Multiple weaknesses in White's camp give
Black sufficient compensation.} (17... Bxd5 18. exd5 Ne7 19. Qe4 g6 $13) (17...
a5 18. a3 (18. Nxf4 exf4 19. Qxf4 b4 20. cxb4 Nxb4 21. Nxb4 Rxb4 $44) 18...
Bxd5 19. exd5 Ne7 20. Qe4 g6 21. Ne3 (21. Qg2 Kg7 22. Ne3 b4 23. axb4 axb4 24.
c4 Qb6 25. Qe4 Ra8 26. Ke2 h6 $6 27. gxh6+ Bxh6 28. Rxa8 Rxa8 29. h5 f5 30. Qh4
g5 31. Qh3 $36 {1-0 Volokitin,A-Eljanov,P/Ordzhonikidze 2001 (71)}) 21... h5
22. Ng2 (22. gxh6 f5 23. Qg2 e4 $13) 22... Qd7 23. Rd1 b4 24. axb4 axb4 25. c4
Rbe8 26. Kf1 Qa4 27. Rb1 b3 28. Nxf4 exf4 29. Qd4 Nf5 30. Qxf4 (30. Bxf5 gxf5 {
[%cal Ge8e4]} 31. f3 Re5 (31... Rc8 32. Rc1 Rc5 33. Rg1 Rfc8 34. g6) 32. Kf2 (
32. Qxf4 Rxd5) 32... Rfe8 33. Rhe1 Re3 $1 34. Qxf4 $140 $2 Rxe1 35. Rxe1 Rxe1
36. Kxe1 Qa1+ $19) 30... Re5 31. Bxf5 Rxf5 32. Qd4 f6 33. Rg1 fxg5 34. Rxg5
Rxf2+ 35. Kg1 Qe8 36. Qxf2 Rxf2 37. Kxf2 Qe4 38. Rxg6+ {1/2-1/2 Volokitin,
A-Pavlovic,M/Valle d'Aosta 2002}) 18. Nxf4 exf4 19. Qxf4 b4 20. O-O (20. cxb4
$6 Nxb4 21. Nxb4 Rxb4 $44 22. Qd2 (22. b3 d5 23. O-O dxe4 (23... Rd4 $5) 24.
Bxe4 Bd5 25. f3 Qb6+ $5 26. Kh2 Bxe4 27. fxe4 Qb7 $11 {/=/+}) 22... Qb6 23. b3
d5 $36) 20... bxc3 21. bxc3 Qa5 {Unfortunately for Black his compensation is
enough only for equality. He is not able to win White's weak pawns on a2 and
c3 without giving his own pawn on a6.} (21... a5 $6 22. Nd4 $1 (22. Ne3 Ne5 $44
)) 22. Ne3 (22. Nb4 $6 Nxb4 23. cxb4 Rxb4 24. Qxd6 Rd8 25. Qxa6 Qxa6 26. Bxa6
Rxe4 27. Rfd1 Rxd1+ 28. Rxd1 Kf8 $15) 22... Ne5 {Most logical - Black
increases the initiative.} (22... Qxc3 23. Bxa6) 23. Rfd1 (23. Be2 $2 Rb2 $17)
23... Rb2 (23... Qxc3 $6 24. Bxa6) 24. Bf1 Qxc3 (24... Qa3 $6 25. h5 Rxa2 26.
Rxa2 Bxa2 27. h6 $16) 25. Bxa6 Bxa2 $11 26. Bf1 (26. Nf5 $2 Qh3 $1 $19 {
[%cal Ge5f3]}) (26. Rxd6 $6 Rxf2 $15) 26... Bb3 27. Rdb1 Be6 28. Rc1 Qd4 29.
Rd1 Rd2 30. Rxd2 Qxd2 31. Rd1 Qb4 32. h5 f6 $5 33. Bg2 (33. gxf6 Rf8) 33...
fxg5 34. Qxg5 Nf7 35. Qh4 Qc5 36. Kh2 g5 37. Qg3 Kf8 38. Nd5 Qc2 39. Ne3 Qc5
40. Rd3 Ne5 41. Rd2 h6 42. Bh3 Qb4 43. Rd1 Qxe4 44. Bg2 Qb4 45. f4 Nf7 46. Rf1
Qc5 1/2-1/2

[Event "Budapest FS02 GM"]
[Site "Budapest"]
[Date "2000.02.16"]
[Round "12"]
[White "Fogarasi, Tibor"]
[Black "Volzhin, Alexander"]
[Result "1/2-1/2"]
[WhiteElo "2429"]
[BlackElo "2548"]
[Annotator "Rogozenco,D"]
[PlyCount "81"]
[EventDate "2000.02.05"]
[EventType "tourn"]
[EventRounds "13"]
[EventCountry "HUN"]
[EventCategory "9"]
[SourceTitle "CBM 076"]
[Source "ChessBase"]
[SourceDate "2000.05.31"]
[SourceVersion "1"]
[SourceVersionDate "2000.05.31"]
[SourceQuality "1"]

1. e4 c5 2. Nf3 Nc6 3. d4 cxd4 4. Nxd4 Nf6 5. Nc3 e5 6. Ndb5 d6 7. Bg5 a6 8.
Na3 b5 9. Bxf6 gxf6 10. Nd5 f5 11. Bd3 Be6 12. O-O Bxd5 13. exd5 Ne7 14. c3 Bg7
15. Qh5 e4 16. Bc2 Qc8 17. Rad1 Qc5 (17... O-O {this natural move is
considered premature here.} 18. Bb1 b4 (18... Ng6 19. Kh1 Re8 20. f4 Qc5 21.
Nc2 e3 22. Qe2 a5 23. Rf3 Re4 24. Nxe3 Re7 25. Qf2 $18 {1-0 Amasi,Z-Markowski,
T/Bern 1996/ (32)}) 19. cxb4 Bxb2 20. Nc2 Re8 21. f3 Ng6 22. fxe4 fxe4 23. Ne3
Ra7 24. Nf5 Re5 25. Kh1 Rc7 26. Rde1 Bc3 27. Rxe4 Rxe4 28. Bxe4 Bxb4 29. h4 Rc1
30. Ne7+ {1-0 Holzke,F-De Vreugt,D/Groningen 1997/}) 18. Bb1 (18. Bb3 a5 $132)
18... b4 19. cxb4 Qxb4 20. Nc2 Qxb2 21. Ne3 Qf6 22. f3 Bh6 (22... Qg6 23. Qh3
Rc8 24. fxe4 fxe4 25. Rf4 Rc3 26. Rxe4 Qg5 27. Qf5 Qxf5 28. Nxf5 Be5 29. Ra4
Nxf5 30. Bxf5 O-O 31. Rxa6 Rb8 32. Rc6 {1/2-1/2 Hoffmann,M-Czebe,A/Budapest
1999/}) 23. Rfe1 (23. Nxf5 $2 Nxf5 24. fxe4 Be3+ 25. Kh1 Ng7 $17) (23. f4 $2
Rb8 $17) 23... Bxe3+ (23... Qg6 24. Qh3 $16) 24. Rxe3 Ng6 25. fxe4 (25. Qh6 Ke7
26. Rf1 (26. fxe4 f4 27. Rb3 Rab8 $44) (26. g3 Rab8 27. fxe4 f4 28. gxf4 Qxf4
29. Qxf4 Nxf4 $44) 26... Rab8 27. g3 (27. fxe4 f4 $44) 27... Rb2 (27... Ne5 $5
28. Qxf6+ Kxf6 29. fxe4 Rb2 30. Rb3 (30. Ra3 Rhb8 $1 $36) 30... Rxb3 31. axb3
Rc8 $44) 28. fxe4 Rhb8 29. e5 (29. Bd3 Rxa2 30. Rxf5 Qd4 31. Qg5+ Ke8 $17) (29.
exf5+ Ne5 30. Qxf6+ Kxf6 $44) 29... Nxe5 30. Qxf6+ Kxf6 31. Bxf5 Kg7 $15 {
1/2-1/2 Almasi,Z-Krasenkow,M/Pula 1997}) 25... f4 26. Rb3 Ne5 (26... O-O 27.
Rh3 (27. Qf5 Qe7 28. Bd3 Rab8 $132 {Shariyazdanov}) 27... Qg7 28. e5 dxe5 29.
d6 $5 Rab8 30. Qe2 a5 31. d7 Rfd8 32. Bf5 Qf6 33. Qc2 Kg7 34. Rc3 Qg5 35. Bh3
Nf8 36. Rc8 Qe7 37. Rxb8 Rxb8 38. Qc8 Nxd7 39. Qxd7 $18 {1-0 Bakre,T-Hossain,E/
Vung Tau City 1999 (44)}) 27. Qf5 Qxf5 28. exf5 Ke7 29. Rd4 f3 30. gxf3 Rhb8
31. Be4 Rxb3 32. axb3 a5 33. Ra4 Rb8 34. Rxa5 Rxb3 35. Kf2 Kf6 {Interesting
that only this move is a novelty!} (35... h6 36. Kg3 Nc4 {1/2-1/2 Dolmatov,
S-Shariyazdanov,A/Moscow 1998 (61)} (36... Nd3 $11 {Dolmatov})) 36. Kg3 Nd3 37.
Ra7 Nc5 38. Kf4 Nd3+ 39. Kg3 Nc5 40. Kf4 Nd3+ 41. Kg3 1/2-1/2

[Event "Corus"]
[Site "Wijk aan Zee"]
[Date "2007.01.19"]
[Round "6"]
[White "Karjakin, Sergey"]
[Black "Shirov, Alexei"]
[Result "1-0"]
[WhiteElo "2678"]
[BlackElo "2715"]
[Annotator "Rogozenco,D"]
[PlyCount "81"]
[EventDate "2007.01.13"]
[EventType "tourn"]
[EventRounds "13"]
[EventCountry "NED"]
[EventCategory "19"]
[SourceTitle "CBM 117"]
[Source "ChessBase"]
[SourceDate "2007.03.30"]
[SourceVersion "1"]
[SourceVersionDate "2007.03.30"]
[SourceQuality "1"]

1. e4 c5 2. Nf3 Nc6 3. d4 cxd4 4. Nxd4 Nf6 5. Nc3 e5 6. Ndb5 d6 7. Bg5 a6 8.
Na3 b5 9. Nd5 Be7 10. Bxf6 Bxf6 11. c3 Bg5 12. Nc2 Ne7 13. h4 {An important
move in White's strategy. The bishop is chased away from the diagonal d8-h4.} (
{In case of the immediate} 13. a4 bxa4 14. Ncb4 O-O 15. Qxa4 Nxd5 16. Nxd5 {
Black continues} Bd7 {with good chances to equalize. One should notice that
here the bishop can return to d8. For instance:} 17. Qa5 Qb8 $1 18. b4 Bd8 19.
Qa2 a5 $11 {1/2-1/2 Berg,E (2586)-Carlsen,M (2690)/Faaborg 2007 (60)}) 13...
Bh6 (13... Bxh4 $2 14. Rxh4 Nxd5 15. Qxd5 Be6 16. Qb7 $1 Rb8 17. Qc6+ Bd7 18.
Qxd6 $18) 14. a4 bxa4 15. Ncb4 O-O ({Karjakin already had a pleasant
experience with the present opening line:} 15... Bd7 16. Rxa4 $1 Nxd5 (16... a5
17. Nxe7 (17. Ra2 Nxd5 18. Nxd5 O-O 19. Bc4 Kh8 $11) 17... axb4 18. Rxa8 Qxa8
19. Nd5 O-O 20. cxb4 {and White keeps better prospects.}) 17. Nxd5 Bxa4 18.
Qxa4+ Kf8 19. b4 {1-0 Karjakin,S (2635)-Radjabov,T (2673)/Warsaw 2005 (41)
with great compensation for the exchange.}) 16. Qxa4 Nxd5 ({After} 16... a5 {
White's best continuation is} 17. Bb5 {anyway} ({After} 17. Nxe7+ Qxe7 18. Nd5
Qb7 {the queen is more active on b7}) {Then Black has nothing better than}
17... Nxd5 (17... Bb7 18. Nc6 Bxc6 19. Nxe7+ Qxe7 20. Bxc6 Rab8 21. Ra2 Rfc8
22. Bd5 Rc5 23. g3 Kh8 24. O-O f5 25. b4 Rxc3 26. bxa5 $16 {[%csl Rh6]} f4 27.
a6 Qa7 28. Kg2 (28. Rb2 $1 $18) 28... fxg3 29. Rb2 Rf8 30. fxg3 $18 {1-0
Pushkarev,D (2337)-Gladyszev,O (2430)/Sochi 2006 (49)}) ({For} 17... Be6 18.
Nc6 Nxc6 19. Bxc6 {see 18...Be6 in the main game.}) 18. Nxd5 {which leads to
the main game.}) (16... f5 $6 17. Qa5 $1 $16 {Here again White can use the
absence of the bishop from g5.}) 17. Nxd5 a5 ({In case of} 17... Bd7 18. Qa5
Qb8 19. b4 {Black does not have the counterplay with ...Bd8 and ...a5, like in
the line 13.a4, see above.}) 18. Bb5 (18. b4 Bb7 (18... Bd7 $5) 19. bxa5 Bxd5
20. exd5 e4 21. Be2 (21. Bb5 $5) 21... e3 22. f3 f5 23. g3 g6 24. f4 Bg7 $44 {
1/2-1/2 Saric,I (2284)-Brener,I (2316)/Herceg Novi 2005 (36)}) 18... Kh8 $5
$146 {Shirov deviates first, not waiting for Karjakin's improvement over the
existing games.} (18... Be6 {has been played in two games. In spite of Black's
good results, things are not that simple for the second player:} 19. Bc6 Rb8
20. b3 ({Stronger is} 20. b4 $1 {and White's chances are preferable:} axb4 21.
cxb4 f5 22. exf5 ({Or} 22. b5 $14) 22... Bxf5 ({After} 22... Rxf5 {Black must
reckon with} 23. g4 {followed by 24.g5.}) 23. b5 $14 {[%csl Gb5]}) 20... Kh8
21. Qxa5 (21. g3 Bg4 22. O-O Bf3 23. Rfe1 Qc8 24. Bd7 Qb7 25. b4 axb4 26. cxb4
f5 $132 {0-1 Volokitin,A (2645)-Timofeev,A (2662)/Lugo 2006 (49)}) 21... Qxa5
22. Rxa5 Rxb3 23. O-O Bxd5 24. Bxd5 Rxc3 {1/2-1/2 Zinchenko,Y (2485)-Zhao Jun 
(2533)/Internet 2006}) 19. b4 (19. g3 $6 Bg4 20. O-O Bf3 $132) 19... f5 20. Bc6
Ra7 21. exf5 Bxf5 22. bxa5 {An important position for the evaluation of
Shirov's idea.} Bd3 {The game proved that this natural move is not sufficient.}
({Critical is} 22... Raf7 $1 {and the following variations show that Black can
hope to develop a strong initiative:} 23. Qc4 (23. g4 $6 Bd3 24. g5 Rxf2 $40) (
23. Ra2 Bb1 $1 24. Rb2 Bd3 25. a6 (25. Bb5 Qb8 $132) 25... Ra7 26. Bb5 Qb8 27.
Qb4 (27. Rb4 Qa8 $11) 27... Bxb5 28. Qxb5 Qxb5 29. Rxb5 Rxa6 30. O-O $14 {/=})
(23. a6 Bd3 24. f3 (24. a7 $2 Rxf2 25. a8=Q Rf1+ 26. Rxf1 Rxf1#) (24. Bb5 $2
Bxb5 25. Qxb5 Rxf2 26. a7 Qa8 $19) 24... Qc8 $1 $36 25. a7 $140 ({In case of} 
25. Nb4 {Black can consider the spectacular} Qg4 $5 26. Nxd3 Qxg2 27. Nf2 Rxf3
28. Bxf3 Qxf3 $44) 25... Rxa7 26. Qxa7 Qxc6 $44) (23. O-O Bd3 24. Rfd1 (24. a6
$6 Bxf1 25. Rxf1 Qb8 $17 {[%cal Gb8a7]}) 24... Be2 25. Re1 Rxf2 26. a6 Bxa6 $1
27. Qxa6 Qxh4 28. Rf1 (28. Qa8 $2 Qg3 29. Qxf8+ Rxf8 $19) 28... Qg3 29. Rxf2
Qxf2+ 30. Kh1 Qh4+ 31. Kg1 Qf2+ $11) 23... Bc2 $5 24. O-O e4 {[%cal Gc2d3]} 25.
Nb4 (25. Qd4 Bd3 26. a6 (26. Rfe1 Rxf2 $40) 26... Bxf1 27. Rxf1 Qa5 $13) 25...
Qxh4 {[%cal Gh6f4]} ({Also deserves attention} 25... e3 $44) 26. Qe6 {[%cal
Ge6h3]} (26. g3 Qg4 27. Nxc2 Rxf2 $1 28. Rxf2 Rxf2 29. Kxf2 e3+ $19 {[%cal
Gg4c4]}) 26... Bb3 $1 (26... Rxf2 27. Nxc2 Bf4 28. Rxf2 Bh2+ 29. Kh1 Bg3+ 30.
Qh3 $18) 27. Qxe4 (27. Qh3 Qf4 $132 28. a6 $140 (28. Qg3 $2 Qxg3 29. fxg3 Rxf1+
30. Rxf1 Be3+ $19) 28... Bc4 $17) (27. Qxb3 $2 Bf4 $19) 27... Rf4 28. Qe1 Bc4
29. a6 Rg4 30. g3 Rxg3+ 31. fxg3 Rxf1+ 32. Qxf1 Be3+ 33. Kg2 Bxf1+ 34. Rxf1 Qe7
35. Re1 g6 $13 {The outcome is most likely to be a draw, since Black controls
square a7 and White cannot use the pin on the e-file.} 36. Kf3 $140 $2 Qf6+ 37.
Kxe3 Qxc3+ $132) 23. Bb5 Bxb5 (23... e4 24. Bxd3 exd3 25. O-O $16) 24. Qxb5
Raf7 25. O-O Qxh4 26. Qe2 {It turns out that Black is unable to create quickly
any dangerous threats. Therefore White has a large advantage thanks to the
passed a-pawn.} Bf4 (26... Rf5 27. g3 Qh3 28. Qe4 Rh5 29. Qg2 $18) (26... Ra7
27. a6 {is hopeless for Black.}) 27. g3 Bxg3 {Shirov decides to sacrifice his
passive bishop, but unfortunately for him this is not sufficient either. White
defends from all checks and remains with an extra piece.} (27... Qg5 28. Qe4
$18 ({After} 28. a6 $2 Bxg3 29. fxg3 Rxf1+ 30. Rxf1 Qxg3+ 31. Qg2 Rxf1+ 32.
Kxf1 Qd3+ {Black wins the a-pawn.})) 28. fxg3 Qxg3+ 29. Qg2 Rxf1+ 30. Rxf1
Rxf1+ 31. Kxf1 Qd3+ 32. Kg1 e4 (32... Qb5 33. Qf1 $18) 33. Qf2 $1 {Using the
tactical motif of the back rank weakness. The endgame is an easy win for White
thanks to his passed pawn.} Qd1+ 34. Qf1 Qg4+ 35. Kf2 h5 36. Ke1 Qg5 37. Qc4 h4
38. a6 Qg3+ 39. Kd2 h3 40. a7 Qf2+ 41. Kc1 (41. Kc1 Qxa7 42. Qc8+ Kh7 43. Qxh3+
Kg8 44. Qe6+ Kh7 45. Qxe4+ $18) 1-0